The heart attack handbook : the commonsense guide for patients and their families
| Main Author: | |
|---|---|
| Format: | Book |
| Published: |
New York :
Consumer Reports Books ,
1993
|
| Edition: | 3rd. edition |
| Subjects: |
MARC
| LEADER | 00000cam a2200000 7i4500 | ||
|---|---|---|---|
| 001 | 0000001540 | ||
| 002 | 000001686 | ||
| 005 | 20000330.0 | ||
| 020 | |a 0890436355 | ||
| 090 | 0 | 0 | |a 616.123 |b ALP |
| 100 | 1 | |a Alpert, Joseph S | |
| 245 | 1 | 4 | |a The heart attack handbook : |b the commonsense guide for patients and their families |c Joseph S. Alpert |
| 250 | |a 3rd. edition | ||
| 260 | |a New York : |b Consumer Reports Books , |c 1993 | ||
| 300 | |a 212p. ; |c 20cm. | ||
| 650 | 0 | 0 | |a Myocardial infarction |x Prevention |
| 999 | |a 034486 |b BUKU |c PINJAMAN |e PERPUSTAKAAN KOMUNITI PETALING JAYA | ||